000 00439nam a2200181Ia 4500
001 19802
005 20260306172719.0
008 260306t2021||||xx |||||||||||||| ||spa||
041 _aESP
082 _a341.1
_bM12R
100 _aMacCormick, Neil
_eAUT
245 0 _aLa razón práctica en el derecho y la moral
260 _c2021
300 _a393 páginas :
_c21 cm.
650 _aGEN
654 _aCDE
942 _cLIB
_dJUS
_fJUS
_2ddc
_n
999 _c19802
_d19802